[Event "Montcada op-B 26th"]
[Site "Montcada"]
[Date "2018.06.26"]
[Round "2"]
[White "Barragan Hernandez, Manel"]
[Black "Garcia Baez, Felipe"]
[Result "1-0"]
[WhiteElo "1860"]
[BlackElo "1607"]
[PlyCount "63"]
[EventDate "2018.06.25"]
[EventType "swiss"]
[EventRounds "9"]
[EventCountry "ESP"]
[SourceTitle "EXT 2019"]
[Source "ChessBase"]
[SourceDate "2018.10.10"]
[SourceVersion "1"]
[SourceVersionDate "2018.10.10"]
[SourceQuality "1"]

1. e4 e5 2. Nf3 Nf6 3. Nc3 Nc6 4. Bb5 Bc5 5. 0-0 d6 6. d4 exd4 7. Nxd4 Bd7 8. Nb3 Bb6 9. Bg5 Qe7 10. Nd5 Qe5 11. Bxf6 gxf6 12. Qf3 0-0-0 13. c3 Rhg8 14. Nd2 Rg6 15. Nc4 Qe6 16. Nf4 Qg4 17. Nxg6 Qxg6 18. Nxb6+ cxb6 19. Rfe1 Kc7 20. Qg3 Qh6 21. Rad1 Be6 22. b3 Qf8 23. Rd2 a6 24. Be2 Qh6 25. Red1 Qf8 26. f4 Bc8 27. Bf3 Qe7 28. Qg7 h6 29. Qxh6 Rg8 30. Rxd6 Rg6 31. Qh4 Nd8 32. Rxd8 1-0

[Event "Barcelona Tres Peons-A 20th"]
[Site "Barcelona"]
[Date "2018.02.07"]
[Round "5.9"]
[White "Barragan Hernandez, Manel"]
[Black "Planella Sanchez, Jordi"]
[Result "1-0"]
[WhiteElo "1846"]
[BlackElo "1955"]
[PlyCount "99"]
[EventDate "2018.01.10"]
[EventType "swiss"]
[EventRounds "9"]
[EventCountry "ESP"]
[SourceTitle "EXT 2024"]
[Source "ChessBase"]
[SourceDate "2023.10.10"]
[SourceVersion "1"]
[SourceVersionDate "2023.10.10"]
[SourceQuality "1"]

1. e4 e5 2. Nf3 Nc6 3. Bb5 a6 4. Ba4 Nf6 5. d3 b5 6. Bb3 Be7 7. 0-0 0-0 8. a4 b4 9. Nbd2 d6 10. h3 Be6 11. Nc4 Qd7 12. Ng5 Nd4 13. Nxe6 fxe6 14. Ba2 Kh8 15. c3 Nc6 16. Qc2 Nh5 17. Be3 Nf4 18. d4 exd4 19. cxd4 d5 20. Ne5 Nxe5 21. dxe5 c5 22. Rad1 d4 23. Qb3 a5 24. Bxf4 Rxf4 25. Qxe6 Qd8 26. Bd5 Rb8 27. Qa6 Qc7 28. g3 Rff8 29. f4 Qd7 30. Qe6 Qc7 31. b3 Rb6 32. Qg4 Rg6 33. Qf3 Qb8 34. Kh2 Bd8 35. e6 Be7 36. e5 Qd8 37. Qe4 Rh6 38. g4 Qe8 39. f5 Bg5 40. Bc6 Qb8 41. Qd5 Bf6 42. Rde1 Bh4 43. Re2 Rd8 44. Qxc5 d3 45. Rd2 Qc7 46. Rxd3 Rc8 47. Rfd1 Bf6 48. Rd7 Bxe5+ 49. Kg2 Qb8 50. Qxe5 1-0

[Event "Barcelona Sant Marti op-A 19th"]
[Site "Barcelona"]
[Date "2017.07.14"]
[Round "2"]
[White "Yao, Lan"]
[Black "Barragan Hernandez, Manel"]
[Result "1-0"]
[WhiteElo "2273"]
[BlackElo "1936"]
[PlyCount "57"]
[EventDate "2017.07.13"]
[EventType "swiss"]
[EventRounds "9"]
[EventCountry "ESP"]
[SourceTitle "EXT 2018"]
[Source "ChessBase"]
[SourceDate "2017.10.13"]
[SourceVersion "1"]
[SourceVersionDate "2017.10.13"]
[SourceQuality "1"]

1. e4 c5 2. Nf3 d6 3. d4 cxd4 4. Nxd4 Nf6 5. Nc3 a6 6. Be2 e5 7. Nb3 Be7 8. 0-0 0-0 9. Be3 Be6 10. Nd5 Nbd7 11. Qd3 Bxd5 12. exd5 Nc5 13. Nxc5 dxc5 14. c4 Bd6 15. Qc2 Qc7 16. g3 Rae8 17. Bg5 Nd7 18. Bd3 f5 19. Bxf5 h6 20. Be6+ Rxe6 21. dxe6 Nf6 22. Bxf6 Rxf6 23. Qe4 Qe7 24. Rad1 Rxe6 25. Rd5 b5 26. Rfd1 g6 27. b4 Qb7 28. bxc5 Be7 29. Rd8+ 1-0

[Event "Montcada op-B 25th"]
[Site "Montcada"]
[Date "2017.07.02"]
[Round "8"]
[White "Torralba Brosa, Marc"]
[Black "Barragan Hernandez, Manel"]
[Result "1-0"]
[WhiteElo "1852"]
[BlackElo "1921"]
[PlyCount "53"]
[EventDate "2017.06.26"]
[EventType "swiss"]
[EventRounds "9"]
[EventCountry "ESP"]
[SourceTitle "EXT 2018"]
[Source "ChessBase"]
[SourceDate "2017.10.13"]
[SourceVersion "1"]
[SourceVersionDate "2017.10.13"]
[SourceQuality "1"]

1. e4 e5 2. Nf3 Nc6 3. Bc4 Nf6 4. d3 Be7 5. c3 0-0 6. 0-0 d6 7. Bb3 Na5 8. Bc2 c5 9. Re1 Nc6 10. Nbd2 Qc7 11. Nf1 d5 12. exd5 Nxd5 13. Qe2 Bd6 14. Ng3 Nf4 15. Bxf4 exf4 16. Ne4 Bg4 17. h3 Bh5 18. Nxd6 Qxd6 19. Qe4 Bg6 20. Qe2 Rad8 21. Rad1 Qd5 22. d4 Bxc2 23. Qxc2 cxd4 24. Nxd4 Qxa2 25. Nxc6 Rxd1 26. Ne7+ Kh8 27. Rxd1 1-0

[Event "Montcada op-B 25th"]
[Site "Montcada"]
[Date "2017.06.28"]
[Round "3"]
[White "Barragan Hernandez, Manel"]
[Black "Flores Mendoza, Jose Antonio"]
[Result "1-0"]
[WhiteElo "1921"]
[BlackElo "1952"]
[PlyCount "69"]
[EventDate "2017.06.26"]
[EventType "swiss"]
[EventRounds "9"]
[EventCountry "ESP"]
[SourceTitle "EXT 2018"]
[Source "ChessBase"]
[SourceDate "2017.10.13"]
[SourceVersion "1"]
[SourceVersionDate "2017.10.13"]
[SourceQuality "1"]

1. e4 e6 2. d4 d5 3. exd5 exd5 4. Nf3 Nf6 5. Bd3 Bd6 6. 0-0 0-0 7. Bg5 Bg4 8. Nbd2 Nbd7 9. c3 c6 10. h3 Bh5 11. Qc2 Qc7 12. Rfe1 Rfe8 13. Rxe8+ Rxe8 14. Re1 Rxe1+ 15. Nxe1 b5 16. Bf5 Bf4 17. Bxf6 Nxf6 18. Nd3 Bd6 19. g4 Bg6 20. Bxg6 hxg6 21. Nf3 Ne4 22. Nfe5 c5 23. Nf4 Bxe5 24. Nxd5 Bh2+ 25. Kg2 Qd7 26. Qxe4 Bd6 27. dxc5 Bxc5 28. f4 f5 29. Qd3 Qe6 30. Nc7 Qe7 31. Qd5+ Kh8 32. Ne6 g5 33. fxg5 fxg4 34. g6 gxh3+ 35. Kxh3 1-0

[Event "Barcelona Tres Peons-D 46th"]
[Site "Barcelona"]
[Date "2017.06.02"]
[Round "7.3"]
[White "Barragan Hernandez, Manel"]
[Black "Collell Rodriguez, Victor"]
[Result "0-1"]
[WhiteElo "1921"]
[BlackElo "1866"]
[PlyCount "56"]
[EventDate "2017.04.21"]
[EventType "swiss"]
[EventRounds "9"]
[EventCountry "ESP"]
[SourceTitle "EXT 2024"]
[Source "ChessBase"]
[SourceDate "2023.10.10"]
[SourceVersion "1"]
[SourceVersionDate "2023.10.10"]
[SourceQuality "1"]

1. e4 c5 2. Nf3 d6 3. d4 cxd4 4. Nxd4 Nf6 5. Nc3 Nc6 6. Be2 e6 7. 0-0 Be7 8. Be3 0-0 9. f4 a6 10. Bf3 Qc7 11. g4 Nxd4 12. Bxd4 e5 13. fxe5 dxe5 14. Be3 Rd8 15. Qe2 Be6 16. g5 Ne8 17. Qf2 Rd7 18. Nd5 Bxd5 19. exd5 f5 20. gxf6 Nxf6 21. b3 Rf8 22. Qg2 Bc5 23. Rae1 Bxe3+ 24. Rxe3 Qc5 25. Rfe1 Nxd5 26. Bxd5+ Rxd5 27. b4 Qxe3+ 28. Rxe3 Rd1+ 0-1

[Event "Barcelona Tupinamba op 12th"]
[Site "Barcelona"]
[Date "2017.05.24"]
[Round "9.9"]
[White "Barragan Hernandez, Manel"]
[Black "Bernat, Ernest"]
[Result "1/2-1/2"]
[WhiteElo "1851"]
[BlackElo "1907"]
[PlyCount "48"]
[EventDate "2017.03.22"]
[EventType "swiss"]
[EventRounds "9"]
[EventCountry "ESP"]
[SourceTitle "EXT 2024"]
[Source "ChessBase"]
[SourceDate "2023.10.10"]
[SourceVersion "1"]
[SourceVersionDate "2023.10.10"]
[SourceQuality "1"]

1. e4 c5 2. Nf3 d6 3. d4 cxd4 4. Nxd4 Nf6 5. Nc3 a6 6. Bg5 e6 7. f4 Be7 8. Qf3 Nbd7 9. 0-0-0 Qc7 10. g4 b5 11. Bxf6 Nxf6 12. g5 Nd7 13. f5 Nc5 14. f6 gxf6 15. gxf6 Bf8 16. Bg2 b4 17. Nce2 Bb7 18. Ng3 Rc8 19. Qe2 Na4 20. Qd3 Nc5 21. Qc4 Qb6 22. Qe2 b3 23. axb3 Nxb3+ 24. Nxb3 Qxb3 1/2-1/2

[Event "Barcelona Tupinamba op 12th"]
[Site "Barcelona"]
[Date "2017.04.05"]
[Round "3.8"]
[White "Fernandez Madrid, Carlos"]
[Black "Barragan Hernandez, Manel"]
[Result "1/2-1/2"]
[WhiteElo "2119"]
[BlackElo "1851"]
[PlyCount "92"]
[EventDate "2017.03.22"]
[EventType "swiss"]
[EventRounds "9"]
[EventCountry "ESP"]
[SourceTitle "EXT 2024"]
[Source "ChessBase"]
[SourceDate "2023.10.10"]
[SourceVersion "1"]
[SourceVersionDate "2023.10.10"]
[SourceQuality "1"]

1. d4 Nf6 2. c4 g6 3. Nc3 d5 4. cxd5 Nxd5 5. Nxd5 Qxd5 6. Nf3 Bg7 7. e3 0-0 8. Be2 c5 9. 0-0 Nc6 10. dxc5 Qxc5 11. e4 Rd8 12. Qb3 Na5 13. Qb5 Qxb5 14. Bxb5 Bg4 15. Rb1 a6 16. Be2 Bxf3 17. gxf3 Rac8 18. b4 Nc4 19. Bxc4 Rxc4 20. b5 a5 21. Ba3 e6 22. Rfd1 Rcd4 23. Rxd4 Bxd4 24. Rc1 Be5 25. Be7 Rd3 26. Kg2 Kg7 27. Rc2 Bf6 28. Bc5 Rc3 29. Rxc3 Bxc3 30. f4 e5 31. fxe5 Bxe5 32. a4 Kf6 33. Bb6 Bc3 34. f4 Ke6 35. Kf3 Bd2 36. h3 f5 37. Bc7 Bb4 38. Ke3 Bc5+ 39. Kd3 b6 40. Bd8 fxe4+ 41. Kxe4 Bf2 42. Bc7 Bc5 43. Be5 Bf2 44. Bg7 Bc5 45. Bh6 Bg1 46. Bf8 Bf2 1/2-1/2

[Event "Barcelona La Lira op 35th"]
[Site "Barcelona"]
[Date "2017.03.10"]
[Round "8"]
[White "Barragan Hernandez, Manel"]
[Black "Cabrera Marmol, Manel"]
[Result "1-0"]
[WhiteElo "1879"]
[BlackElo "1826"]
[PlyCount "49"]
[EventDate "2017.01.20"]
[EventType "swiss"]
[EventRounds "8"]
[EventCountry "ESP"]
[SourceTitle "EXT 2018"]
[Source "ChessBase"]
[SourceDate "2017.10.13"]
[SourceVersion "1"]
[SourceVersionDate "2017.10.13"]
[SourceQuality "1"]

1. e4 e5 2. Nf3 Nf6 3. Nxe5 d6 4. Nxf7 Kxf7 5. d4 d5 6. e5 Ne4 7. Qf3+ Kg8 8. Bd3 Ng5 9. Bxg5 Bb4+ 10. c3 Qxg5 11. Qxd5+ Kf8 12. 0-0 c6 13. Qf3+ Ke7 14. cxb4 Rf8 15. Qg3 Qh6 16. Nc3 Bf5 17. Rad1 Nd7 18. d5 Bxd3 19. d6+ Kf7 20. Rxd3 Kg8 21. f4 Rf5 22. Qh3 Qe6 23. Ne4 Raf8 24. Ng3 Nxe5 25. Nxf5 1-0

[Event "Barcelona Vila Gracia op 10th"]
[Site "Barcelona"]
[Date "2016.10.28"]
[Round "5.7"]
[White "Martinez, Juan Manuel"]
[Black "Barragan Hernandez, Manel"]
[Result "1/2-1/2"]
[WhiteElo "1955"]
[BlackElo "1856"]
[PlyCount "107"]
[EventDate "2016.09.30"]
[EventType "swiss"]
[EventRounds "9"]
[EventCountry "ESP"]
[SourceTitle "EXT 2024"]
[Source "ChessBase"]
[SourceDate "2023.10.10"]
[SourceVersion "1"]
[SourceVersionDate "2023.10.10"]
[SourceQuality "1"]

1. e4 e5 2. Nf3 Nc6 3. Bb5 a6 4. Ba4 Nf6 5. 0-0 Be7 6. Bxc6 dxc6 7. d3 Qd6 8. Nbd2 Be6 9. b3 Nd7 10. Bb2 Bf6 11. Re1 0-0-0 12. Nc4 Qc5 13. Qd2 Bg4 14. Qe3 Qxe3 15. Rxe3 Rhe8 16. h3 Bh5 17. a4 g5 18. g4 Bg6 19. Kg2 h5 20. Ree1 Kb8 21. Bc1 Rg8 22. Bd2 Rde8 23. b4 Bd8 24. b5 cxb5 25. axb5 axb5 26. Ne3 f6 27. Reb1 c6 28. c4 bxc4 29. Nxc4 Nc5 30. Nd6 Re7 31. Be3 Nxd3 32. Ba7+ Kc7 33. Nxb7 Bxe4 34. Rb3 Nf4+ 35. Kf1 Bd5 36. Bb6+ Kxb7 37. Bxd8+ Bxb3 38. Bxe7 Bc4+ 39. Ke1 hxg4 40. hxg4 Rh8 41. Kd2 Nd5 42. Bc5 Ra8 43. Rxa8 Kxa8 44. Ne1 Kb7 45. Nc2 Ka6 46. Ne3 Kb5 47. Bd6 Nb6 48. Be7 Nd7 49. Nf5 c5 50. Nd6+ Kb4 51. Ne4 Be6 52. Nxf6 Nxf6 53. Bxf6 Bxg4 54. Bxe5 1/2-1/2

[Event "Barcelona La Lira op 34th"]
[Site "Barcelona"]
[Date "2016.02.26"]
[Round "7"]
[White "Barragan Hernandez, Manel"]
[Black "Corominas Garrido, Jordi"]
[Result "0-1"]
[WhiteElo "1872"]
[BlackElo "1936"]
[PlyCount "80"]
[EventDate "2016.01.15"]
[EventType "swiss"]
[EventRounds "8"]
[EventCountry "ESP"]
[SourceTitle "EXT 2017"]
[Source "ChessBase"]
[SourceDate "2016.10.25"]
[SourceVersion "1"]
[SourceVersionDate "2016.10.25"]
[SourceQuality "1"]

1. e4 e6 2. d4 d5 3. Nc3 Nf6 4. Bg5 Bb4 5. exd5 Bxc3+ 6. bxc3 Qxd5 7. Bxf6 gxf6 8. Nf3 Bd7 9. c4 Qa5+ 10. Qd2 Qxd2+ 11. Nxd2 Rg8 12. d5 Na6 13. g3 Rb8 14. Ne4 Ke7 15. 0-0-0 b6 16. Bg2 Nc5 17. Nc3 a6 18. Rhe1 Rgc8 19. Rd4 Kf8 20. Ne4 Nxe4 21. dxe6 Bxe6 22. Bxe4 h6 23. Bc6 Rd8 24. Red1 Ke7 25. Kb2 Rxd4 26. Rxd4 Rd8 27. Kc3 Rxd4 28. Kxd4 Kd6 29. Bb7 a5 30. Ba6 Bf5 31. c3 c6 32. f3 Kc7 33. c5 b5 34. a4 Bd7 35. axb5 cxb5 36. c4 b4 37. Bb5 a4 38. Kd3 Bf5+ 39. Kd2 a3 40. Kc1 b3 0-1

[Event "Barcelona La Lira op 34th"]
[Site "Barcelona"]
[Date "2016.02.19"]
[Round "6"]
[White "Volart Buil, Jordi"]
[Black "Barragan Hernandez, Manel"]
[Result "1-0"]
[WhiteElo "1784"]
[BlackElo "1872"]
[PlyCount "127"]
[EventDate "2016.01.15"]
[EventType "swiss"]
[EventRounds "8"]
[EventCountry "ESP"]
[SourceTitle "EXT 2017"]
[Source "ChessBase"]
[SourceDate "2016.10.25"]
[SourceVersion "1"]
[SourceVersionDate "2016.10.25"]
[SourceQuality "1"]

1. d4 Nf6 2. c4 g6 3. Nc3 d5 4. cxd5 Nxd5 5. e4 Nxc3 6. bxc3 Bg7 7. Nf3 0-0 8. Be2 c5 9. 0-0 Nc6 10. Be3 cxd4 11. cxd4 Qa5 12. e5 Bf5 13. Qb3 Qb4 14. Bc4 e6 15. Nh4 Be4 16. f3 Qxb3 17. axb3 Bd5 18. f4 Nb4 19. Rfc1 Be4 20. Ra4 Nd5 21. Bxd5 Bxd5 22. b4 a6 23. Nf3 Rfc8 24. Raa1 Bxf3 25. gxf3 Kf8 26. Kf2 Ke8 27. Ke2 Kd7 28. Kd3 Bf8 29. Bd2 Be7 30. Rab1 f5 31. Be1 g5 32. Bd2 h6 33. fxg5 hxg5 34. Rg1 Rg8 35. Rg2 f4 36. Rbg1 Rh8 37. Rf2 Rac8 38. Bc3 Kc6 39. Ra2 Kb5 40. Ra5+ Kb6 41. Ra2 Rh3 42. Rf2 Kb5 43. Ra1 b6 44. Bd2 Rc4 45. Rxa6 Bxb4 46. Rxb6+ Kxb6 47. Kxc4 Bxd2 48. Rxd2 Rxf3 49. Rg2 Rh3 50. Rxg5 Rxh2 51. Rg6 Rc2+ 52. Kd3 Rc6 53. Rf6 Kc7 54. Rxf4 Rb6 55. Rf7+ Kc6 56. Ra7 Kd5 57. Ra5+ Kc6 58. Kc4 Kc7 59. Ra7+ Kc6 60. Re7 Rb7 61. Rxe6+ Kd7 62. Ra6 Ke7 63. Kc5 Rc7+ 64. Kd5 1-0

[Event "Barcelona Vila de Gracia op 9th"]
[Site "Barcelona"]
[Date "2015.11.06"]
[Round "6"]
[White "Barragan Hernandez, Manel"]
[Black "Villar Reymundo, Juan Antonio"]
[Result "1/2-1/2"]
[WhiteElo "2097"]
[BlackElo "2210"]
[PlyCount "70"]
[EventDate "2015.10.02"]
[EventType "swiss"]
[EventRounds "9"]
[EventCountry "ESP"]
[SourceTitle "CBM 169 Extra"]
[Source "ChessBase"]
[SourceDate "2015.12.18"]
[SourceVersion "1"]
[SourceVersionDate "2015.12.18"]
[SourceQuality "1"]

1. e4 e5 2. Nf3 Nc6 3. Bb5 a6 4. Ba4 Nf6 5. d3 Bc5 6. 0-0 b5 7. Bb3 d6 8. a3 h6 9. Be3 0-0 10. Bxc5 dxc5 11. h3 Qd6 12. Nc3 Nd4 13. Nxd4 cxd4 14. Ne2 Be6 15. Bxe6 fxe6 16. Ng3 Kh7 17. Qd2 Ng8 18. c3 c5 19. cxd4 Qxd4 20. Rac1 Rac8 21. Ne2 Qd6 22. f4 Rfd8 23. fxe5 Qxe5 24. Qc3 Qg5 25. Rf3 c4 26. d4 Qg6 27. e5 Ne7 28. Nf4 Nd5 29. Nxg6 Nxc3 30. Nf4 Na4 31. Nxe6 Re8 32. d5 Nc5 33. Nxc5 Rxc5 34. b3 Rxd5 35. bxc4 bxc4 1/2-1/2

[Event "Barcelona Sant Marti op-A 17th"]
[Site "Barcelona"]
[Date "2015.07.21"]
[Round "9"]
[White "Font Purroy, Vicenc"]
[Black "Barragan Hernandez, Manel"]
[Result "1/2-1/2"]
[WhiteElo "2092"]
[BlackElo "1767"]
[PlyCount "147"]
[EventDate "2015.07.13"]
[EventType "swiss"]
[EventRounds "9"]
[EventCountry "ESP"]
[SourceTitle "CBM 167 Extra"]
[Source "ChessBase"]
[SourceDate "2015.09.14"]
[SourceVersion "1"]
[SourceVersionDate "2015.09.14"]
[SourceQuality "1"]

1. c4 Nf6 2. g3 g6 3. Bg2 Bg7 4. Nc3 0-0 5. d3 e5 6. e4 d6 7. Nge2 Nc6 8. 0-0 Nd7 9. Nd5 Ne7 10. Rb1 a5 11. a3 c6 12. Ndc3 h6 13. f4 f5 14. Be3 Kh7 15. Kh1 Nf6 16. Qb3 exf4 17. gxf4 Ng4 18. Bb6 Qe8 19. h3 Nf6 20. Bg1 Nh5 21. Rbe1 Qf7 22. Qc2 fxe4 23. Nxe4 Nf5 24. Bf2 d5 25. cxd5 cxd5 26. N4g3 Nhxg3+ 27. Nxg3 Nh4 28. Bc5 Nxg2 29. Re7 Qf6 30. Rxg7+ Qxg7 31. Bxf8 Qxf8 32. Qc7+ Qg7 33. Qxg7+ Kxg7 34. Kxg2 Bd7 35. Rc1 Rc8 36. Rxc8 Bxc8 37. h4 Bg4 38. Kf2 Kf6 39. Ke3 Ke6 40. Kd4 b6 41. b4 axb4 42. axb4 Bf3 43. Kc3 Bd1 44. Nf1 Bf3 45. Ne3 h5 46. Kd4 Bh1 47. Nd1 Kf5 48. Ne3+ Kxf4 49. Nxd5+ Bxd5 50. Kxd5 g5 51. hxg5 Kxg5 52. Ke6 h4 53. d4 h3 54. d5 h2 55. d6 h1Q 56. d7 Qc6+ 57. Ke7 Qf6+ 58. Ke8 Qe6+ 59. Kd8 b5 60. Kc7 Qc4+ 61. Kb7 Qd5+ 62. Kc7 Qe5+ 63. Kc8 Qc3+ 64. Kb7 Qd3 65. Kc7 Qc4+ 66. Kb7 Qf7 67. Kc8 Qe6 68. Kc7 Qe5+ 69. Kc8 Qc3+ 70. Kb7 Qf3+ 71. Kc7 Qf4+ 72. Kc8 Qf5 73. Kc7 Qe5+ 74. Kc8 1/2-1/2

[Event "Barcelona Sant Marti op-A 17th"]
[Site "Barcelona"]
[Date "2015.07.20"]
[Round "8"]
[White "Barragan Hernandez, Manel"]
[Black "Capellades Subirana, Marc"]
[Result "0-1"]
[WhiteElo "1767"]
[BlackElo "2213"]
[PlyCount "64"]
[EventDate "2015.07.13"]
[EventType "swiss"]
[EventRounds "9"]
[EventCountry "ESP"]
[SourceTitle "CBM 167 Extra"]
[Source "ChessBase"]
[SourceDate "2015.09.14"]
[SourceVersion "1"]
[SourceVersionDate "2015.09.14"]
[SourceQuality "1"]

1. e4 e5 2. Nf3 Nc6 3. Bb5 g6 4. 0-0 Bg7 5. d3 Nge7 6. a3 0-0 7. Nc3 d6 8. Be3 Bg4 9. h3 Bxf3 10. Qxf3 f5 11. Bc4+ Kh8 12. Qd1 f4 13. Bd2 f3 14. g3 Ng8 15. Nd5 Nd4 16. c3 Ne2+ 17. Kh2 c6 18. Ne3 Nf6 19. Qc2 d5 20. Ba2 Qd7 21. b4 d4 22. cxd4 exd4 23. e5 Nh5 24. e6 Qd6 25. Nc4 Qxe6 26. Rae1 Nf6 27. Nb6 Ng4+ 28. Kh1 Nxf2+ 29. Rxf2 Qxh3+ 30. Rh2 Nxg3+ 31. Kg1 f2+ 32. Rxf2 Qh1# 0-1

[Event "Barcelona Sant Marti op-A 17th"]
[Site "Barcelona"]
[Date "2015.07.16"]
[Round "4"]
[White "Marchador Villalba, Jordi"]
[Black "Barragan Hernandez, Manel"]
[Result "1/2-1/2"]
[WhiteElo "2026"]
[BlackElo "1767"]
[PlyCount "66"]
[EventDate "2015.07.13"]
[EventType "swiss"]
[EventRounds "9"]
[EventCountry "ESP"]
[SourceTitle "CBM 167 Extra"]
[Source "ChessBase"]
[SourceDate "2015.09.14"]
[SourceVersion "1"]
[SourceVersionDate "2015.09.14"]
[SourceQuality "1"]

1. d4 Nf6 2. Nf3 e6 3. g3 d5 4. Bg2 Be7 5. c4 0-0 6. cxd5 exd5 7. 0-0 Nbd7 8. Nc3 c6 9. Qc2 Re8 10. a3 Nb6 11. b3 g6 12. Ne5 Bf5 13. Qb2 Nc8 14. Bg5 Nd6 15. Rad1 Nfe4 16. Bxe7 Qxe7 17. Nxe4 Nxe4 18. f3 Nd6 19. e4 Be6 20. Rde1 f6 21. Nd3 Qf7 22. Nc5 Bc8 23. exd5 cxd5 24. Qd2 b6 25. Rxe8+ Qxe8 26. Re1 Qf7 27. Nd3 Ba6 28. Nb4 Bb7 29. f4 a5 30. Nc2 Re8 31. Rxe8+ Qxe8 32. Ne3 Ne4 33. Qc1 Qc6 1/2-1/2

[Event "San Sebastian op 38th"]
[Site "San Sebastian"]
[Date "2015.04.02"]
[Round "7"]
[White "Barragan Hernandez, Manel"]
[Black "Esnaola Sansebastian, Ion"]
[Result "1/2-1/2"]
[WhiteElo "1795"]
[BlackElo "1910"]
[PlyCount "39"]
[EventDate "2015.03.28"]
[EventType "swiss"]
[EventRounds "9"]
[EventCountry "ESP"]
[SourceTitle "CBM 165 Extra"]
[Source "ChessBase"]
[SourceDate "2015.04.21"]
[SourceVersion "1"]
[SourceVersionDate "2015.04.21"]
[SourceQuality "1"]

1. Nf3 Nf6 2. c4 g6 3. Nc3 Bg7 4. g3 0-0 5. Bg2 c6 6. 0-0 d5 7. d3 Bg4 8. Ne5 Be6 9. Qb3 Nbd7 10. d4 Qb6 11. Nxd7 Nxd7 12. Qxb6 Nxb6 13. c5 Nd7 14. e3 Nf6 15. b4 Bf5 16. Rd1 Ne4 17. Bb2 Nxc3 18. Bxc3 Bc2 19. Rd2 Ba4 20. Re1 1/2-1/2

[Event "San Sebastian op 38th"]
[Site "San Sebastian"]
[Date "2015.03.28"]
[Round "1"]
[White "Barragan Hernandez, Manel"]
[Black "Cruz Lledo, Pablo"]
[Result "0-1"]
[WhiteElo "1795"]
[BlackElo "2284"]
[PlyCount "38"]
[EventDate "2015.03.28"]
[EventType "swiss"]
[EventRounds "9"]
[EventCountry "ESP"]
[SourceTitle "CBM 165 Extra"]
[Source "ChessBase"]
[SourceDate "2015.04.21"]
[SourceVersion "1"]
[SourceVersionDate "2015.04.21"]
[SourceQuality "1"]

1. e4 d5 2. exd5 Qxd5 3. Nc3 Qd6 4. d4 Nf6 5. Be3 a6 6. Qd2 Nc6 7. Nf3 Bg4 8. Be2 0-0-0 9. 0-0-0 e6 10. h3 Bh5 11. Bf4 Qb4 12. Ne5 Rxd4 13. Nxc6 Rxd2 14. Rxd2 Qxf4 15. g3 Qxd2+ 16. Kxd2 Bxe2 17. Kxe2 bxc6 18. Rd1 Bb4 19. Na4 Rd8 0-1

[Event "Barcelona Tres Peons op 16th"]
[Site "Barcelona"]
[Date "2015.02.06"]
[Round "4"]
[White "Bielecki, Pawel"]
[Black "Barragan Hernandez, Manel"]
[Result "1-0"]
[WhiteElo "2132"]
[BlackElo "2050"]
[PlyCount "71"]
[EventDate "2015.01.16"]
[EventType "swiss"]
[EventRounds "9"]
[EventCountry "ESP"]
[SourceTitle "EXT 2016"]
[Source "ChessBase"]
[SourceDate "2015.10.08"]
[SourceVersion "1"]
[SourceVersionDate "2015.10.08"]
[SourceQuality "1"]

1. e4 c5 2. Nf3 d6 3. d4 cxd4 4. Nxd4 Nf6 5. Nc3 a6 6. Bc4 e6 7. Bb3 b5 8. 0-0 Be7 9. Qf3 Qc7 10. Qg3 0-0 11. Bh6 Ne8 12. Rad1 Bf6 13. Be3 Nc6 14. Nxc6 Qxc6 15. Nd5 Bb7 16. Nxf6+ Nxf6 17. f3 d5 18. Bd4 Kh8 19. exd5 exd5 20. Bxd5 Qxd5 21. Bxf6 gxf6 22. Rxd5 Bxd5 23. Qd6 Be6 24. Qf4 Kg7 25. Rd1 Rfc8 26. c3 Bxa2 27. Rd6 Be6 28. Qe4 Ra7 29. f4 Rc5 30. g4 a5 31. f5 Re5 32. Qd4 Rc7 33. fxe6 Rc4 34. Qxe5 fxe5 35. e7 Rxg4+ 36. Kh1 1-0

[Event "Barcelona Tres Peons op 16th"]
[Site "Barcelona"]
[Date "2015.01.30"]
[Round "3"]
[White "Barragan Hernandez, Manel"]
[Black "Capellades Subirana, Marc"]
[Result "1/2-1/2"]
[WhiteElo "2050"]
[BlackElo "2290"]
[PlyCount "80"]
[EventDate "2015.01.16"]
[EventType "swiss"]
[EventRounds "9"]
[EventCountry "ESP"]
[SourceTitle "EXT 2016"]
[Source "ChessBase"]
[SourceDate "2015.10.08"]
[SourceVersion "1"]
[SourceVersionDate "2015.10.08"]
[SourceQuality "1"]

1. Nf3 f5 2. b3 d6 3. d4 e6 4. Bb2 Nf6 5. e3 Be7 6. Bd3 0-0 7. 0-0 Qe8 8. c4 Ne4 9. Nc3 Nxc3 10. Bxc3 Nd7 11. Qc2 Nf6 12. Rae1 Bd7 13. e4 fxe4 14. Bxe4 Nxe4 15. Qxe4 Kh8 16. Re3 Rb8 17. Ne1 Qh5 18. f4 Qf5 19. d5 Qxe4 20. Rxe4 Bf6 21. Bxf6 Rxf6 22. dxe6 Rxe6 23. Rxe6 Bxe6 24. Nf3 Bd7 25. Re1 Re8 26. Rxe8+ Bxe8 27. Kf2 Kg8 28. g4 Bd7 29. Kg3 h6 30. f5 Kf7 31. Kf4 a6 32. h4 b5 33. Nd2 b4 34. g5 hxg5+ 35. hxg5 Bc6 36. Ne4 a5 37. Ke3 Bd7 38. Kf4 Bc6 39. Ke3 Bd7 40. Kf4 Bc6 1/2-1/2